| 000 | 00811cam a2200229 4500 | ||
|---|---|---|---|
| 001 | ABS62780 | ||
| 008 | 000000n2000 000 0 eng u | ||
| 035 | _a(Sirsi) u108111 | ||
| 100 | _aCarmona, M. | ||
| 245 | _aInnovation in the control of residential design | ||
| 260 | _c2000 | ||
| 490 |
_aTown Planning Review _v70(4) October 1999, 501-527(27) |
||
| 520 | _aDiscusses the results of research into the range of good and innovative practice in residential design. The research was based on design control practice in 10 English planning authorities. | ||
| 590 | _aABS | ||
| 650 | _aRESIDENTIAL DESIGN | ||
| 650 | _aPLANNING PRACTICE | ||
| 650 | _aPLANNING CONTROL | ||
| 650 | _aRESIDENTIAL DEVELOPMENT | ||
| 650 | _aPLANNING GUIDANCE | ||
| 690 |
_aPlanning and development _96259 |
||
| 942 | _n0 | ||
| 999 |
_c64577 _d64577 |
||